[Event "Sant' Anna op 10th"]
[Site "Pisignano di Vernole"]
[Date "2007.08.10"]
[Round "6"]
[White "Strippoli, Michele"]
[Black "Fiorentino, Maria Cristina"]
[Result "1-0"]
[WhiteElo "1911"]
[BlackElo "1666"]
[PlyCount "163"]
[EventDate "2007.08.07"]
[EventType "swiss"]
[EventRounds "7"]
[EventCountry "ITA"]
[SourceTitle "EXT 2009"]
[Source "ChessBase"]
[SourceDate "2008.11.26"]
[SourceVersion "1"]
[SourceVersionDate "2008.11.26"]
[SourceQuality "1"]

1. d4 Nf6 2. Nf3 d5 3. e3 Bg4 4. c4 c6 5. Qb3 Qc7 6. Ne5 e6 7. Nc3 Bf5 8. Bd2 Nbd7 9. Nxd7 Qxd7 10. Rc1 Be7 11. cxd5 exd5 12. Na4 0-0 13. Be2 Bg6 14. f3 Rab8 15. 0-0 Rfe8 16. Nc5 Qc7 17. g3 h5 18. Nd3 Bd6 19. Nf4 Bxf4 20. gxf4 h4 21. Bb4 Nh5 22. Rf2 Qd7 23. Qa3 Re6 24. Bf1 Bf5 25. Qxa7 Rbe8 26. Bd2 Rg6+ 27. Rg2 Rxg2+ 28. Bxg2 Bh3 29. Rf1 Bxg2 30. Kxg2 h3+ 31. Kh1 Qe6 32. Qxb7 Nxf4 33. Qc7 Nd3 34. b3 f5 35. Qg3 f4 36. Qg5 fxe3 37. Be1 Qf6 38. Qh5 Rf8 39. Qxh3 Qxd4 40. Qe6+ Kh7 41. Qh3+ Kg8 42. Qe6+ Kh7 43. Bg3 Rf6 44. Qh3+ Kg8 45. Bh4 Nf2+ 46. Bxf2 exf2 47. Qg2 Qd3 48. Rxf2 Rg6 49. Qf1 Qxf1+ 50. Rxf1 Kf7 51. Rc1 Ke7 52. Rg1 Rf6 53. Rxg7+ Kd6 54. Kg2 Kc5 55. Kf2 Kb4 56. Ke3 Rh6 57. Rg2 c5 58. Kd3 Rh3 59. Rf2 Rh4 60. f4 Rh3+ 61. Kc2 Ka3 62. f5 Kxa2 63. f6 Rh8 64. f7 Rf8 65. Kc3+ Ka3 66. h4 d4+ 67. Kc4 d3 68. Kxd3 Kxb3 69. h5 c4+ 70. Kd4 c3 71. Rf3 Kb2 72. Rxc3 Rxf7 73. Rh3 Ra7 74. h6 Ra4+ 75. Kc5 Ra5+ 76. Kb4 Ra8 77. h7 Rh8 78. Rh2+ Kc1 79. Kc5 Kd1 80. Kd6 Ke1 81. Ke7 Kf1 82. Kf7 1-0